[Event "Liga Insular Gran Canaria 1a"]
[Site "Las Palmas"]
[Date "2019.05.18"]
[Round "7.3"]
[White "Viera Falcon, Cristo"]
[Black "Segura Marsa, Andres"]
[Result "1-0"]
[WhiteElo "1915"]
[BlackElo "1599"]
[PlyCount "33"]
[EventDate "2019.03.02"]
[EventType "team-tourn"]
[EventRounds "7"]
[EventCountry "ESP"]
[SourceTitle "EXT 2021"]
[Source "ChessBase"]
[SourceDate "2020.10.23"]
[SourceVersion "1"]
[SourceVersionDate "2020.10.23"]
[SourceQuality "1"]
[WhiteTeam "Telde Los Llanos"]
[BlackTeam "El Puertillo"]
[WhiteTeamCountry "ESP"]
[BlackTeamCountry "ESP"]

1. d4 Nf6 2. c4 g6 3. Nc3 d5 4. e3 Bg7 5. Bd3 0-0 6. cxd5 Nxd5 7. Nge2 Nxc3 8. bxc3 c5 9. 0-0 Nc6 10. Rb1 a6 11. Be4 Qc7 12. Nf4 e6 13. Ba3 b6 14. dxc5 Rd8 15. cxb6 Qb8 16. Qa4 e5 17. Qxc6 1-0

[Event "Canarias-chT"]
[Site "Vecindario"]
[Date "2018.06.02"]
[Round "5.1"]
[White "Gutierrez Perez, Jose"]
[Black "Viera Falcon, Cristo"]
[Result "1-0"]
[WhiteElo "1969"]
[BlackElo "1903"]
[PlyCount "55"]
[EventDate "2018.05.31"]
[EventType "team-swiss"]
[EventRounds "6"]
[EventCountry "ESP"]
[SourceTitle "EXT 2024"]
[Source "ChessBase"]
[SourceDate "2023.10.10"]
[SourceVersion "1"]
[SourceVersionDate "2023.10.10"]
[SourceQuality "1"]
[WhiteTeam "Herbania"]
[BlackTeam "Telde Los Llanos"]
[WhiteTeamCountry "ESP"]
[BlackTeamCountry "ESP"]

1. d4 c5 2. e3 Nf6 3. c3 b6 4. f4 Bb7 5. Nf3 e6 6. Bd3 d6 7. Qe2 Nc6 8. 0-0 Be7 9. Nbd2 Qc7 10. Ne4 h6 11. Nxf6+ Bxf6 12. Bd2 Ne7 13. e4 g6 14. Rae1 Bg7 15. f5 0-0-0 16. a4 Nc6 17. b4 cxd4 18. b5 Ne5 19. Nxd4 exf5 20. exf5 Rhe8 21. Be3 Bd5 22. Nc6 Nxc6 23. bxc6 Bxc3 24. Rd1 Bb4 25. Ba6+ Kb8 26. Rxd5 Qxc6 27. Qb5 Qc7 28. Rc1 1-0

[Event "Montana de Galdar op 2nd"]
[Site "Galdar"]
[Date "2017.12.06"]
[Round "5.3"]
[White "Viera Falcon, Cristo"]
[Black "Rodriguez Melian, Jose Luis"]
[Result "0-1"]
[WhiteElo "1908"]
[BlackElo "2061"]
[PlyCount "68"]
[EventDate "2017.12.02"]
[EventType "swiss"]
[EventRounds "8"]
[EventCountry "ESP"]
[SourceTitle "EXT 2024"]
[Source "ChessBase"]
[SourceDate "2023.10.10"]
[SourceVersion "1"]
[SourceVersionDate "2023.10.10"]
[SourceQuality "1"]

1. d4 Nf6 2. Nc3 d5 3. g3 g6 4. Bg2 Bg7 5. Bg5 c6 6. Qd2 Bf5 7. f3 h6 8. e4 dxe4 9. fxe4 Nxe4 10. Nxe4 hxg5 11. 0-0-0 Qb6 12. c3 Qa5 13. b4 Qa3+ 14. Kb1 Nd7 15. Qb2 Qa4 16. Qb3 Qxb3+ 17. axb3 a5 18. bxa5 Rxa5 19. Kb2 g4 20. Nf2 Nf6 21. b4 Ra7 22. Ra1 Rxa1 23. Kxa1 Nd5 24. Ne2 Kd7 25. Nd1 e5 26. dxe5 Bxe5 27. b5 Bd3 28. bxc6+ bxc6 29. Nc1 Ra8+ 30. Kb2 Rb8+ 31. Ka3 Bd6+ 32. Ka2 Bc4+ 33. Ka1 Ba3 34. Na2 Bd3 0-1

[Event "Montana de Galdar op 2nd"]
[Site "Galdar"]
[Date "2017.12.04"]
[Round "3.4"]
[White "Medina Martin, Alberto"]
[Black "Viera Falcon, Cristo"]
[Result "0-1"]
[WhiteElo "1923"]
[BlackElo "1908"]
[PlyCount "88"]
[EventDate "2017.12.02"]
[EventType "swiss"]
[EventRounds "8"]
[EventCountry "ESP"]
[SourceTitle "EXT 2024"]
[Source "ChessBase"]
[SourceDate "2023.10.10"]
[SourceVersion "1"]
[SourceVersionDate "2023.10.10"]
[SourceQuality "1"]

1. d4 Nf6 2. c4 b6 3. Nc3 Bb7 4. f3 e6 5. e4 Bb4 6. a3 Bxc3+ 7. bxc3 d5 8. cxd5 exd5 9. e5 Nfd7 10. Be3 Qe7 11. Bd3 g5 12. Qd2 f6 13. exf6 Nxf6 14. Ne2 g4 15. 0-0 Nbd7 16. a4 0-0-0 17. a5 gxf3 18. Rxf3 Ne4 19. Qa2 Rdf8 20. Raf1 Kb8 21. axb6 axb6 22. Rxf8+ Rxf8 23. Rxf8+ Nxf8 24. Bxe4 Qxe4 25. Qd2 Ne6 26. Ng3 Qg6 27. Ne2 Ng7 28. Nf4 Qb1+ 29. Qc1 Qe4 30. Qe1 Nf5 31. Bd2 Qc2 32. Qc1 Qb3 33. Nd3 Nd6 34. Ne5 Ne4 35. Be1 Ba6 36. h3 Kb7 37. Qh6 Bb5 38. Qe3 Ka6 39. Kh2 Qc2 40. Kg1 Be2 41. Nf3 Qd1 42. Kh2 Nd6 43. Qd2 Bxf3 44. gxf3 Qxf3 0-1

[Event "Barcelona Sant Marti op-B 19th"]
[Site "Barcelona"]
[Date "2017.07.20"]
[Round "8"]
[White "Chandrasekhar, MK."]
[Black "Viera Falcon, Cristo"]
[Result "0-1"]
[WhiteElo "1794"]
[BlackElo "1889"]
[PlyCount "116"]
[EventDate "2017.07.13"]
[EventType "swiss"]
[EventRounds "9"]
[EventCountry "ESP"]
[SourceTitle "EXT 2018"]
[Source "ChessBase"]
[SourceDate "2017.10.13"]
[SourceVersion "1"]
[SourceVersionDate "2017.10.13"]
[SourceQuality "1"]

1. d4 b6 2. Nf3 Bb7 3. c4 Nf6 4. Nc3 g6 5. Qc2 d6 6. e4 Nbd7 7. Be2 Bg7 8. 0-0 0-0 9. e5 Ne8 10. e6 fxe6 11. Ng5 Rf6 12. Bg4 e5 13. Ne6 Qc8 14. d5 Nf8 15. Ne4 Rxe6 16. dxe6 Bxe4 17. Qxe4 Nf6 18. Qf3 Nxg4 19. Qxg4 Qxe6 20. Qe4 Rb8 21. Be3 Qd7 22. b4 Ne6 23. b5 Nd4 24. a4 Qf5 25. Qxf5 gxf5 26. Bxd4 exd4 27. a5 e5 28. axb6 axb6 29. Ra7 Rc8 30. Rfa1 Kf7 31. Ra8 Rxa8 32. Rxa8 d3 33. Kf1 Ke6 34. Ra7 Kd7 35. Ra8 e4 36. Rg8 Be5 37. Rf8 f4 38. Ra8 e3 39. Ra3 d2 40. Rd3 c5 41. Ke2 Bd4 42. fxe3 fxe3 43. Ra3 d5 44. Ra7+ Kd6 45. Rb7 dxc4 46. Rxb6+ Kd5 47. Ra6 Bb2 48. b6 Kc6 49. b7+ Kxb7 50. Re6 Bd4 51. g4 c3 52. Kd1 Kc7 53. h4 Kd7 54. Re4 Kd6 55. g5 Kd5 56. Re8 Be5 57. h5 Ke4 58. g6 Kd3 0-1

[Event "Las Palmas Insular-chT Primera-B"]
[Site "Las Palmas"]
[Date "2012.02.25"]
[Round "10.2"]
[White "Sanchez Montesdeoca, Isaac"]
[Black "Viera Falcon, Cristo"]
[Result "1-0"]
[WhiteElo "1791"]
[BlackElo "1874"]
[PlyCount "83"]
[EventDate "2011.11.12"]
[EventType "team-tourn"]
[EventRounds "14"]
[EventCountry "ESP"]
[SourceTitle "EXT 2013"]
[Source "ChessBase"]
[SourceDate "2012.11.22"]
[SourceVersion "1"]
[SourceVersionDate "2012.11.22"]
[SourceQuality "1"]
[WhiteTeam "Piscolabis Oleaje San Andres"]
[BlackTeam "Telde Los Llanos II"]
[WhiteTeamCountry "ESP"]
[BlackTeamCountry "ESP"]

1. e4 d5 2. exd5 Nf6 3. Nc3 Nxd5 4. Qf3 Be6 5. Be2 Nc6 6. Bb5 Qd7 7. Nge2 0-0-0 8. 0-0 Ndb4 9. Ba4 Bg4 10. Qe3 e5 11. Nb5 Kb8 12. Nxa7 Nxc2 13. Nxc6+ Qxc6 14. Qg5 Qxa4 15. Qxd8+ Ka7 16. Nc3 Qc6 17. Qd3 Nxa1 18. b3 Bc5 19. Bb2 Nc2 20. Qxc2 Rd8 21. a4 Be2 22. Rc1 Bb6 23. Nxe2 Qf6 24. Rf1 Qg5 25. Bc3 f5 26. b4 Kb8 27. a5 Ba7 28. Bxe5 Rd7 29. d4 g6 30. Qc4 Kc8 31. Qg8+ Qd8 32. Qe6 Kb8 33. Qc4 Ka8 34. a6 c6 35. axb7+ Kxb7 36. Ra1 Qb6 37. Qe6 Qd8 38. Qa2 Qb6 39. Qg8 Re7 40. h3 Qxb4 41. Qa2 Kc8 42. Rb1 1-0

[Event "Vecindario op 1st"]
[Site "Vecindario"]
[Date "2011.12.30"]
[Round "4"]
[White "Morales Hengmith, Chantal"]
[Black "Viera Falcon, Cristo"]
[Result "0-1"]
[WhiteElo "1681"]
[BlackElo "1873"]
[PlyCount "74"]
[EventDate "2011.12.27"]
[EventType "swiss"]
[EventRounds "7"]
[EventCountry "ESP"]
[SourceTitle "CBM 146 Extra"]
[Source "ChessBase"]
[SourceDate "2012.02.29"]
[SourceVersion "1"]
[SourceVersionDate "2012.02.29"]
[SourceQuality "1"]

1. e4 d5 2. exd5 Nf6 3. Nf3 Nxd5 4. d4 g6 5. c4 Nb6 6. Be2 Bg7 7. h3 0-0 8. 0-0 Bf5 9. Nc3 Nc6 10. Be3 e5 11. d5 Na5 12. Nd2 Qh4 13. c5 Nd7 14. a3 e4 15. Rc1 c6 16. d6 b6 17. Qa4 Nb7 18. Qxc6 Bxc3 19. Rxc3 Nbxc5 20. Bxc5 Rfc8 21. Qd5 Nxc5 22. Rfc1 Re8 23. Bb5 Red8 24. b4 Ne6 25. g4 Nf4 26. Qd4 Nxh3+ 27. Kf1 Qxg4 28. Rg3 Qf4 29. Qe3 Rxd6 30. Qxf4 Nxf4 31. Nb3 a6 32. Be2 Nxe2 33. Kxe2 Rad8 34. Na1 h5 35. Rh1 Rd2+ 36. Ke3 R8d3+ 37. Kf4 Rxf2+ 0-1

[Event "Las Palmas op 32nd"]
[Site "Las Palmas"]
[Date "2011.12.04"]
[Round "4"]
[White "Trujillo Alvarado, Ivan"]
[Black "Viera Falcon, Cristo"]
[Result "1-0"]
[WhiteElo "2176"]
[BlackElo "1873"]
[PlyCount "29"]
[EventDate "2011.12.02"]
[EventType "swiss"]
[EventRounds "9"]
[EventCountry "ESP"]
[SourceTitle "CBM 145 Extra"]
[Source "ChessBase"]
[SourceDate "2012.01.03"]
[SourceVersion "1"]
[SourceVersionDate "2012.01.03"]
[SourceQuality "1"]

1. d4 d6 2. Nf3 Nd7 3. c4 e5 4. Nc3 g6 5. Bg5 f6 6. Bc1 Bg7 7. dxe5 dxe5 8. e4 Ne7 9. Be3 Nf8 10. Qb3 c6 11. Rd1 Qa5 12. Be2 Ne6 13. 0-0 0-0 14. c5 Rf7 15. Bc4 1-0

[Event "Las Palmas Montalvo Memorial 4th"]
[Site "Las Palmas"]
[Date "2011.04.18"]
[Round "1"]
[White "Del Rey, Diego"]
[Black "Viera Falcon, Cristo"]
[Result "1-0"]
[WhiteElo "2364"]
[BlackElo "1805"]
[PlyCount "47"]
[EventDate "2011.04.18"]
[EventType "swiss"]
[EventRounds "9"]
[EventCountry "ESP"]
[SourceTitle "CBM 141 Extra"]
[Source "ChessBase"]
[SourceDate "2011.05.03"]
[SourceVersion "1"]
[SourceVersionDate "2011.05.03"]
[SourceQuality "1"]

1. Nf3 f5 2. d3 Nf6 3. e4 d6 4. exf5 Bxf5 5. d4 c6 6. Bd3 Na6 7. 0-0 Bxd3 8. Qxd3 Qd7 9. Ng5 c5 10. c3 Nc7 11. Re1 cxd4 12. cxd4 Qb5 13. Qh3 Qd7 14. Qb3 Qb5 15. Qf7+ Kd7 16. Nc3 Qf5 17. Qb3 b6 18. Bd2 e6 19. d5 exd5 20. Qa4+ Kc8 21. Nb5 Nfe8 22. Rac1 Kd8 23. Nxc7 Nxc7 24. Qc6 1-0

[Event "Las Palmas-chT"]
[Site "Las Palmas"]
[Date "2011.02.26"]
[Round "7.3"]
[White "Rojas Mirabal, Pedro"]
[Black "Viera Falcon, Cristo"]
[Result "1/2-1/2"]
[WhiteElo "2009"]
[BlackElo "1805"]
[PlyCount "155"]
[EventDate "2011.01.15"]
[EventType "team-swiss"]
[EventRounds "14"]
[EventCountry "ESP"]
[SourceTitle "EXT 2012"]
[Source "ChessBase"]
[SourceDate "2011.11.24"]
[SourceVersion "1"]
[SourceVersionDate "2011.11.24"]
[SourceQuality "1"]
[WhiteTeam "Piscolabis Oleaje San Andres"]
[BlackTeam "Telde Los Llanos"]
[WhiteTeamCountry "ESP"]
[BlackTeamCountry "ESP"]

1. d4 Nf6 2. c4 e6 3. Nf3 d5 4. Nc3 Be7 5. Bg5 c6 6. e3 Nbd7 7. Bd3 b6 8. 0-0 Ng8 9. Bf4 g5 10. Be5 f6 11. Nxg5 Nxe5 12. Qh5+ Kd7 13. Nxe6 Kxe6 14. cxd5+ cxd5 15. Qf5+ Kf7 16. Qh5+ Ng6 17. Bxg6+ hxg6 18. Qxh8 Bf8 19. Qh4 Nh6 20. Rac1 Nf5 21. Qf4 Bd6 22. Qf3 Be6 23. Nb5 Bb8 24. e4 Nh4 25. Qe3 g5 26. g3 Bh3 27. gxh4 Qd7 28. e5 Bxf1 29. e6+ Qxe6 30. Qxe6+ Kxe6 31. Kxf1 Bxh2 32. hxg5 fxg5 33. Nc7+ Bxc7 34. Rxc7 Kf5 35. f3 g4 36. fxg4+ Kxg4 37. Ke2 Kf4 38. Kd3 Kf5 39. Re7 Kf6 40. Re5 Rd8 41. b3 Rd7 42. Kc3 a5 43. Kd3 Kf7 44. Ke3 Rd8 45. Kf4 Kf6 46. a4 Rd7 47. Re3 Rh7 48. Rg3 Rh4+ 49. Ke3 Rh8 50. Kd3 Kf5 51. Rf3+ Ke6 52. Rg3 Kf6 53. Re3 Rd8 54. Rh3 Kg6 55. Rf3 Rc8 56. Re3 Kf6 57. Kd2 Rc7 58. Re5 Rd7 59. Rh5 Kg6 60. Rh3 Rh7 61. Re3 Kf6 62. Re5 Rd7 63. Kd3 Rd8 64. Ke2 Rd7 65. Kf2 Rd8 66. Kg3 Rg8+ 67. Kf4 Rd8 68. Rg5 Rd7 69. Rh5 Kg6 70. Rf5 Rd8 71. Rg5+ Kf6 72. Rh5 Kg6 73. Rf5 Rd7 74. Rf8 Re7 75. Rb8 Re6 76. Kf3 Rc6 77. Kf4 Re6 78. Kf3 1/2-1/2

[Event "Las Palmas op"]
[Site "Las Palmas"]
[Date "2010.12.04"]
[Round "3"]
[White "Camino Carrio, Nicanor"]
[Black "Viera Falcon, Cristo"]
[Result "1-0"]
[WhiteElo "2137"]
[BlackElo "1790"]
[PlyCount "71"]
[EventDate "2010.12.02"]
[EventType "swiss"]
[EventRounds "9"]
[EventCountry "ESP"]
[SourceTitle "CBM 139 Extra"]
[Source "ChessBase"]
[SourceDate "2011.01.05"]
[SourceVersion "1"]
[SourceVersionDate "2011.01.05"]
[SourceQuality "1"]

1. e4 d5 2. exd5 Nf6 3. Bb5+ Bd7 4. Be2 Nxd5 5. d4 g6 6. c4 Nf6 7. Nc3 Na6 8. Nf3 c6 9. h3 h6 10. 0-0 Bg7 11. Be3 Nc7 12. Ne5 Bf5 13. Bf3 Nd7 14. Nxd7 Bxd7 15. Qd2 Kf8 16. Rfe1 Ne8 17. Rad1 Nd6 18. b3 Qa5 19. Bf4 Nf5 20. Be5 Rd8 21. Qb2 Bxe5 22. Rxe5 Qc7 23. Na4 f6 24. Re4 Ng7 25. Rde1 e6 26. Nc5 Bc8 27. Nd3 Kf7 28. Rf4 Nf5 29. g4 e5 30. dxe5 Rxd3 31. gxf5 Bxf5 32. Rxf5 gxf5 33. Bh5+ Kf8 34. exf6 Rg8+ 35. Kf1 Qd8 36. Qa3+ 1-0

[Event "Vecindario Canarias op 4th"]
[Site "Vecindario"]
[Date "2010.07.25"]
[Round "9"]
[White "Viera Falcon, Cristo"]
[Black "Quiza Vazquez, Carolina"]
[Result "1/2-1/2"]
[WhiteElo "1782"]
[BlackElo "1558"]
[PlyCount "95"]
[EventDate "2010.07.18"]
[EventType "swiss"]
[EventRounds "9"]
[EventCountry "ESP"]
[SourceTitle "CBM 137 Extra"]
[Source "ChessBase"]
[SourceDate "2010.09.01"]
[SourceVersion "1"]
[SourceVersionDate "2010.09.01"]
[SourceQuality "1"]

1. d4 Nf6 2. c4 e6 3. Nf3 d5 4. e3 c6 5. Nc3 Bb4 6. Bd3 Bxc3+ 7. bxc3 0-0 8. 0-0 b6 9. Qe2 Ba6 10. Rd1 Re8 11. Ne5 Qc7 12. Bd2 Nbd7 13. f4 c5 14. Be1 Rac8 15. Bh4 cxd4 16. Bxf6 Nxf6 17. cxd5 Bxd3 18. Rxd3 Nxd5 19. c4 f6 20. cxd5 fxe5 21. exd4 exd4 22. dxe6 Qxf4 23. Rf3 Rc1+ 24. Rxc1 Qxc1+ 25. Kf2 Qc6 26. e7 h6 27. Qe5 Qd7 28. Rd3 Rxe7 29. Qxd4 Qxd4+ 30. Rxd4 Kf7 31. Rd2 Rc7 32. Kg3 Rc3+ 33. Kg4 Ra3 34. Rd7+ Kg6 35. Rd6+ Kh7 36. Rd2 b5 37. Rb2 a6 38. Kh4 Ra4+ 39. Kh3 Rc4 40. Rd2 b4 41. Kg3 a5 42. h4 a4 43. Rb2 Rc3+ 44. Kg4 b3 45. axb3 axb3 46. Kf4 Rc2 47. Rxb3 Rxg2 48. Rb5 1/2-1/2

[Event "Vecindario Canarias op 4th"]
[Site "Vecindario"]
[Date "2010.07.18"]
[Round "2"]
[White "Biscarri Candalia, Oscar"]
[Black "Viera Falcon, Cristo"]
[Result "0-1"]
[WhiteElo "1527"]
[BlackElo "1782"]
[PlyCount "31"]
[EventDate "2010.07.18"]
[EventType "swiss"]
[EventRounds "9"]
[EventCountry "ESP"]
[SourceTitle "CBM 137 Extra"]
[Source "ChessBase"]
[SourceDate "2010.09.01"]
[SourceVersion "1"]
[SourceVersionDate "2010.09.01"]
[SourceQuality "1"]

1. d4 Nf6 2. c4 e6 3. Nc3 b6 4. e4 Bb4 5. Qc2 Bb7 6. Bd3 c5 7. Nge2 d5 8. cxd5 exd5 9. exd5 Qxd5 10. f3 cxd4 11. a3 dxc3 12. axb4 cxb2 13. Bxb2 Qc6 14. Nc3 0-0 15. Qe2 Re8 16. Ne4 0-1

[Event "Arucas op 6th"]
[Site "Arucas"]
[Date "2010.06.18"]
[Round "4"]
[White "Viera Falcon, Cristo"]
[Black "Rojas Mirabal, Pedro"]
[Result "0-1"]
[WhiteElo "1444"]
[BlackElo "1368"]
[PlyCount "88"]
[EventDate "2010.06.02"]
[EventType "swiss"]
[EventRounds "5"]
[EventCountry "ESP"]
[SourceTitle "EXT 2024"]
[Source "ChessBase"]
[SourceDate "2023.10.10"]
[SourceVersion "1"]
[SourceVersionDate "2023.10.10"]
[SourceQuality "1"]

1. d4 Nf6 2. c4 e6 3. Nc3 Bb4 4. Qc2 b6 5. f3 0-0 6. Bg5 h6 7. Bh4 d5 8. e3 Ba6 9. a3 Be7 10. b3 c5 11. Bf2 cxd4 12. exd4 Qc8 13. Nd1 Nbd7 14. Bd3 e5 15. Nb2 e4 16. fxe4 dxe4 17. Bxe4 Nxe4 18. Qxe4 Bxa3 19. Qc2 Bb4+ 20. Kf1 Bb7 21. Nd3 Be4 22. Qd1 Bd6 23. Ne2 Nf6 24. Nc3 Qf5 25. Nxe4 Nxe4 26. g4 Qf6 27. Kg2 Rfe8 28. h3 a5 29. Rf1 Nxf2 30. Nxf2 Qf4 31. Re1 Qh2+ 32. Kf1 Bg3 33. Qf3 Bxf2 34. Qxf2 Qh1+ 35. Qg1 Qxh3+ 36. Qg2 Qd3+ 37. Re2 Rad8 38. Rae1 Re3 39. Kf2 Rxe2+ 40. Rxe2 Qxd4+ 41. Kf3 Qc3+ 42. Kf2 Qxb3 43. Qe4 Qd1 44. Qe3 Qd4 0-1

[Event "Arucas op 6th"]
[Site "Arucas"]
[Date "2010.06.09"]
[Round "3"]
[White "Padilla Socorro, Jesus"]
[Black "Viera Falcon, Cristo"]
[Result "1/2-1/2"]
[WhiteElo "1384"]
[BlackElo "1444"]
[PlyCount "50"]
[EventDate "2010.06.02"]
[EventType "swiss"]
[EventRounds "5"]
[EventCountry "ESP"]
[SourceTitle "EXT 2024"]
[Source "ChessBase"]
[SourceDate "2023.10.10"]
[SourceVersion "1"]
[SourceVersionDate "2023.10.10"]
[SourceQuality "1"]

1. e4 d5 2. exd5 Nf6 3. Bb5+ Bd7 4. Bxd7+ Qxd7 5. c4 c6 6. dxc6 Nxc6 7. Nf3 e5 8. 0-0 0-0-0 9. Nc3 Bd6 10. Re1 Qf5 11. Qe2 Nd4 12. Nxd4 exd4 13. Ne4 Bxh2+ 14. Kxh2 Ng4+ 15. Kg3 h5 16. Qf3 Qe5+ 17. Qf4 h4+ 18. Kxg4 Qh5+ 19. Kh3 f5 20. Nd6+ Rxd6 21. Qxd6 Qg4+ 22. Kh2 h3 23. Qe6+ Kb8 24. Qe5+ Kc8 25. g3 Qf3 1/2-1/2

[Event "Arucas op 6th"]
[Site "Arucas"]
[Date "2010.06.02"]
[Round "1"]
[White "Aleman Alamo, Nicolas"]
[Black "Viera Falcon, Cristo"]
[Result "0-1"]
[WhiteElo "1286"]
[BlackElo "1444"]
[PlyCount "94"]
[EventDate "2010.06.02"]
[EventType "swiss"]
[EventRounds "5"]
[EventCountry "ESP"]
[SourceTitle "EXT 2024"]
[Source "ChessBase"]
[SourceDate "2023.10.10"]
[SourceVersion "1"]
[SourceVersionDate "2023.10.10"]
[SourceQuality "1"]

1. d4 Nf6 2. c4 e6 3. Nc3 b6 4. Nf3 Bb7 5. Bg5 Be7 6. e3 Na6 7. a3 c5 8. Be2 Nc7 9. 0-0 0-0 10. Qc2 h6 11. Bf4 d6 12. h3 cxd4 13. exd4 Rc8 14. Rac1 Nce8 15. Qb1 Bxf3 16. Bxf3 Rxc4 17. Nb5 Rxc1 18. Rxc1 a6 19. Na7 g5 20. Nc6 Qd7 21. Bg3 d5 22. Qd3 b5 23. Ne5 Qb7 24. Qc3 Nd6 25. Nc6 Nfe4 26. Bxe4 Nxe4 27. Nxe7+ Qxe7 28. Qc6 Qa7 29. Be5 Nd2 30. Bd6 Ra8 31. Bc5 Qb8 32. Bd6 Qd8 33. Be7 Qe8 34. Qxe8+ Rxe8 35. Bb4 Nb3 36. Rd1 Rc8 37. Bd6 Rc2 38. Rd3 Rxb2 39. Rc3 Nxd4 40. Rc8+ Kh7 41. Be5 Ne2+ 42. Kf1 d4 43. Rh8+ Kg6 44. g4 f6 45. Bd6 e5 46. Rg8+ Kf7 47. Rf8+ Ke6 0-1

[Event "Las Palmas op"]
[Site "Las Palmas"]
[Date "2009.04.12"]
[Round "9"]
[White "Viera Falcon, Cristo"]
[Black "Rodriguez Gonzalez, Blas"]
[Result "1-0"]
[WhiteElo "1779"]
[BlackElo "2026"]
[PlyCount "73"]
[EventDate "2009.04.05"]
[EventType "swiss"]
[EventRounds "9"]
[EventCountry "ESP"]
[SourceTitle "CBM 129 Extra"]
[Source "ChessBase"]
[SourceDate "2009.05.05"]
[SourceVersion "2"]
[SourceVersionDate "2009.05.20"]
[SourceQuality "1"]

1. d4 Nf6 2. c4 c5 3. e3 d6 4. Nf3 Na6 5. Nc3 g6 6. Bd3 Bg7 7. 0-0 0-0 8. b3 cxd4 9. Nxd4 Nb4 10. Bb1 a6 11. Bb2 Bd7 12. Nce2 Ng4 13. Qd2 Nc6 14. Be4 Nxd4 15. Nxd4 Qc7 16. g3 Rad8 17. Bg2 Bc8 18. Bc3 Ne5 19. Rac1 Nc6 20. Nxc6 bxc6 21. Ba5 Qb7 22. Bxd8 Rxd8 23. Qa5 Re8 24. b4 Bd7 25. a4 Rb8 26. b5 axb5 27. cxb5 d5 28. Bxd5 Ra8 29. bxc6 Bxc6 30. Bxc6 Qxc6 31. Rxc6 Rxa5 32. Rc8+ Bf8 33. Rc4 Kg7 34. Rb1 e6 35. Rb5 Ra7 36. a5 Be7 37. Rc6 1-0